[Event "Belem op 1st"]
[Site "Belem"]
[Date "2024.04.14"]
[Round "5"]
[White "De Melo, Marcelo R Ferreira"]
[Black "Brandalise, Ricardo"]
[Result "1-0"]
[WhiteElo "1813"]
[BlackElo "1695"]
[PlyCount "71"]
[EventDate "2024.04.13"]
[EventType "swiss"]
[EventRounds "6"]
[EventCountry "BRA"]
[SourceTitle "CB18_2024"]
[SourceDate "2024.05.01"]
[SourceVersion "1"]
[SourceVersionDate "2024.05.01"]
[SourceQuality "2"]

1. e4 c5 2. Nf3 d6 3. c4 g6 4. Nc3 Nc6 5. d3 Bg7 6. g3 Bg4 7. Bg2 Nd4 8. a3 Bxf3 9. Bxf3 Qd7 10. Be3 e6 11. Bxd4 Bxd4 12. Ne2 Bxb2 13. Rb1 Be5 14. Bg2 Rb8 15. f4 Bg7 16. 0-0 Ne7 17. d4 cxd4 18. Nxd4 a6 19. f5 exf5 20. exf5 Nxf5 21. Nxf5 gxf5 22. Bxb7 Be5 23. Bc6 Qxc6 24. Rxb8+ Kd7 25. Rxh8 Qc5+ 26. Kh1 Bxh8 27. Qd5 Qxd5+ 28. cxd5 Be5 29. Rxf5 f6 30. Kg2 Kc7 31. g4 Kb6 32. Rf1 Kc5 33. Rd1 Bd4 34. h4 Kxd5 35. g5 Kc5 36. Rxd4 1-0

[Event "Brasilia JEBS op"]
[Site "Brasilia"]
[Date "2023.10.29"]
[Round "3"]
[White "De Melo, Marcelo R Ferreira"]
[Black "Fraga, Heitor Carneiro"]
[Result "0-1"]
[WhiteElo "1800"]
[BlackElo "1818"]
[PlyCount "62"]
[EventDate "2023.10.28"]
[EventType "swiss"]
[EventRounds "6"]
[EventCountry "BRA"]
[SourceTitle "Mega2024 Update 01"]
[Source "Chessbase"]
[SourceDate "2023.11.12"]
[SourceVersion "1"]
[SourceVersionDate "2023.11.12"]
[SourceQuality "1"]

1. e4 c5 2. Nf3 d6 3. c4 e5 4. d3 Nc6 5. Nc3 Nge7 6. a3 g6 7. g3 Bg7 8. Bg2 0-0 9. 0-0 h6 10. h3 Be6 11. Be3 Qd7 12. Kh2 Kh7 13. Nh4 g5 14. Nf5 Nxf5 15. exf5 Bxf5 16. Ne4 Bg6 17. f4 f5 18. Nc3 exf4 19. gxf4 Rae8 20. Qd2 Nd4 21. Bxd4 Bxd4 22. fxg5 Be3 23. Qd1 hxg5 24. Nd5 Bd4 25. Qf3 Kg7 26. Rab1 Be5+ 27. Kh1 g4 28. Qe3 f4 29. Qd2 f3 30. Bxf3 gxf3 31. Qg5 Qxh3+ 0-1